О наблюдении скрытых когерентных эффектов в хаотизированных системах; Журнал экспериментальной и теоретической физики; Т. 126, вып. 2

Dettagli Bibliografici
Parent link:Журнал экспериментальной и теоретической физики=ЖЭТФ/ Российская академия наук (РАН) ; Отделение физических наук РАН.— , 1931-.— 0044-4510
Т. 126, вып. 2.— 2004.— с. 415-425
Altri autori: Головашкин А. И., Жерихин А. Н., Жерихина Л. Н., Кулешова Г. В., Цховребов А. М.
Lingua:russo
Pubblicazione: 2004
Serie:Твердые тела
Soggetti:
Natura: MixedMaterials Capitolo di libro
KOHA link:https://koha.lib.tpu.ru/cgi-bin/koha/opac-detail.pl?biblionumber=431797

MARC

LEADER 00000naa2a2200000 4500
001 431797
005 20231101075418.0
035 |a (RuTPU)RU\TPU\prd\91970 
035 |a RU\TPU\prd\34342 
090 |a 431797 
100 |a 20101202a2005 k y0rusy50 ca 
101 0 |a rus 
102 |a RU 
200 1 |a О наблюдении скрытых когерентных эффектов в хаотизированных системах  |f А. И. Головашкин, А. Н. Жерихин, Л. Н. Жерихина и др. 
225 1 |a Твердые тела  |e Электронные свойства 
320 |a Библиогр.: 16 назв. 
461 1 |0 (RuTPU)RU\TPU\prd\1443  |x 0044-4510  |t Журнал экспериментальной и теоретической физики  |l ЖЭТФ  |f Российская академия наук (РАН) ; Отделение физических наук РАН  |d 1931- 
463 1 |0 (RuTPU)RU\TPU\prd\91956  |t Т. 126, вып. 2  |v с. 415-425  |d 2004 
610 1 |a хаотизированные системы 
610 1 |a когерентные интерференционные эффекты 
610 1 |a поликристаллы 
610 1 |a джозефское поведение 
610 1 |a пленки висмута 
610 1 |a осцилляции сопротивления 
610 1 |a наблюдения 
701 1 |a Головашкин  |b А. И. 
701 1 |a Жерихин  |b А. Н. 
701 1 |a Жерихина  |b Л. Н. 
701 1 |a Кулешова  |b Г. В. 
701 1 |a Цховребов  |b А. М. 
801 1 |a RU  |b 63413507  |c 20050329  |g PSBO 
801 2 |a RU  |b 63413507  |c 20101203  |g RCR 
942 |c BK